| 000 | 00781nam a22001697a 4500 | ||
|---|---|---|---|
| 003 | IT-RoPau | ||
| 005 | 20220918175940.0 | ||
| 008 | 130201b xxu||||| |||| 00| 0 eng d | ||
| 040 | _cIT-RoPau | ||
| 100 |
_aFamiglia Paolina _998 |
||
| 245 |
_aStato personale paolino aggiornato al 1° marzo 2012 _bComunità e membri |
||
| 260 |
_aRoma _bCasa Generalizia della Società San Paolo _c2012 |
||
| 300 |
_a139 p. _c21 cm |
||
| 500 | _aStato personale on line www.paulus.net. Pro manuscripto. | ||
| 520 | _aINDICE Società San Paolo; Circoscrizioni e comunità paoline; Governo Generale; Case direttamente dipendenti dal Governo Generale; Province; Regioni; Elenco alfabetico dei membri professi; Defunti della Società San Paolo; Elenco alfabetico delle comunità. | ||
| 942 |
_2ddc _cBK |
||
| 999 |
_c37941 _d37941 |
||